|
|
|
|
| LEADER |
00000cam a2200000 i 4500 |
| 001 |
1/20200 |
| 008 |
980428s1995 gr | ||| |||| ||gre|| |
| 020 |
|
|
|a 9602365080
|
| 035 |
|
|
|l 10035976
|
| 040 |
|
|
|a GR-MyUA
|b gre
|e AACR2
|
| 041 |
1 |
|
|a gre
|h ger
|
| 082 |
0 |
|
|a 337
|
| 100 |
1 |
|
|a Deppe, Frank.
|
| 245 |
1 |
2 |
|a Η νέα διεθνής τάξη :
|b ο κόσμος πέρα από τον ανταγωνισμό των συστημάτων /
|c Φράνκ Ντέπε ; μετάφραση από τα γερμανικά Ανθούλα Βηδεμάϊερ.
|
| 260 |
|
|
|a Αθήνα :
|b Λιβάνης,
|c 1995.
|
| 300 |
|
|
|a 372 σ.
|
| 490 |
1 |
|
|a (Λόγος)
|
| 500 |
|
|
|a Τίτλος πρωτοτύπου: Jenseits der Systemkonkurrenz : Ueberlegungen zur neuen Weltordnung.
|
| 650 |
0 |
0 |
|a East-West trade.
|
| 650 |
0 |
0 |
|a Post-communism.
|
| 650 |
0 |
0 |
|a International economic relations.
|
| 830 |
|
0 |
|a Λόγος
|
| 852 |
|
|
|a INST
|b RHODES
|e 19980518
|h 337 DEP
|p 005400006520
|q 005400006520
|t BK
|y 0
|
| 852 |
|
|
|a INST
|b RHODES
|e 19980428
|h 337 DEP
|p 005400010711
|q 005400010711
|t BK
|y 0
|
| 901 |
|
|
|a BIBL-1998-1
|
| 909 |
|
|
|a Ρ
|b 051825
|
| 909 |
|
|
|a Ρ
|b 053330
|
| 922 |
|
|
|a 4ΕΛΗ
|b 199801
|c ΚΠΣ/ΔΕ
|d EMVASIS
|